000
00212 a2200097 4500
001
42974
100
_a
Bolitho
245
_a
A century of British monarchy
260
_a
London
_b
Longman
_c
090
_c
26851
_d
26851
942
_a
NUST-CAE
_c
M
_c
18726
999
_c
278047
_d
278047